01124ngm a2200301 a 450000500170000000800410001708200210005824500540007925000180013330000620015149000460021350000550025950000580031465000490037265000550042170000350047670000360051170000270054770000250057470000270059994200130062626400450063933600270068433700330071133800280074404000350077299900150080720220317001421.0161108s2012 ck g 000 0 spa 04a791.4365878bG7100aGrandes películas del oestehvideodisco digital a1a. edición a6 DVDbsonido, color y blanco y negroc12 cmd1 cartilla  aCine club películas para coleccionistas aIncluye libro con las reseñas de las películas aPelículas en inglés con subtítulos en español142LEMBaCine del oeste vVideodiscosySiglo XX142LEMBaPelículas cinematográficas vVideodiscos1 aVidor, Kingd1894-1982 9727241 aLeone, Sergiod1929-19899727251 aStevens, George9727261 aSturges, John9727271 aZinnemann, Fred972728 2ddccDVD aBogotábFonolibros de Colombiac[2012] atextobtxt2rdacontent asin mediaciónbn2rdamedia avolumenbnc2rdacarrier aCO-BoRNBPbspaerdacCO-BoRNBP c6915d6915